| 000 | 00594nam a2200193 4500 | ||
|---|---|---|---|
| 001 | 108424 | ||
| 003 | ES-MaACL | ||
| 005 | 20230906184636.0 | ||
| 007 | t| | ||
| 008 | 061121s1942 ag r ||||1| spa d | ||
| 100 | 1 |
_aMondolfo, Rodolfo. _982147 |
|
| 245 | 1 | 0 |
_aEn los orígenes de la filosofía de la cultura / _cRodolfo Mondolfo. |
| 260 |
_aBuenos Aires : _bImán, _c1942. |
||
| 300 |
_a171 p. ; _c21 cm. |
||
| 490 | 1 | _aPanorama de la filosofía y la cultura | |
| 830 | 0 |
_aPanorama de la filosofía y la cultura _9185562 |
|
| 852 |
_aES-MaACL _jD-7854 _bR.27216 |
||
| 999 |
_c108424 _d108424 |
||